| 000 | 00861nam a2200217Ia 4500 | ||
|---|---|---|---|
| 001 | 19470 | ||
| 003 | GE_BSU | ||
| 008 | 181216s||||||||xx |||||||||||||| ||und|| | ||
| 040 | _cGE_BSU | ||
| 080 | _a811.353'366 | ||
| 100 | _aონიანი, ა. | ||
| 245 | _aქართველურ ენათა ისტორიული მორფოლოგიის საკითხები : ზმნის პირი, რიცხვი, ინკლუზივ-ექსკლუზიევი. | ||
| 245 | _cრედ:ლ.კვინიკაძე | ||
| 260 | _aთბილისი | ||
| 260 | _bგანათლება | ||
| 260 | _c1978 | ||
| 300 | _a247გვ; 21სმ | ||
| 653 | _aქართველური ენების მორფოლოგია; | ||
| 653 | _aქართული ენა | ||
| 942 | _cBK | ||
| 999 |
_c52447 _d52447 |
||